The humane city : cities as if people matter
Αποθηκεύτηκε σε:
| Κύριος συγγραφέας: | |
|---|---|
| Μορφή: | Βιβλίο |
| Γλώσσα: | English |
| Δημοσίευση: |
Oxford :
Basil Blackwell,
1989
|
| Θέματα: | |
| Ετικέτες: |
Προσθήκη ετικέτας
Δεν υπάρχουν, Καταχωρήστε ετικέτα πρώτοι!
|
MARC
| LEADER | 00000nam a2200000 i 4500 | ||
|---|---|---|---|
| 001 | 1/99047 | ||
| 008 | 950322s1989 eng d | ||
| 020 | |a 0-631-15824-3 | ||
| 035 | |l 10011156 | ||
| 040 | |a GR-MY-UA |b gre |e aacr | ||
| 041 | 0 | |a eng | |
| 082 | 0 | |a 307.78 | |
| 100 | 1 | |a Short, John R. | |
| 245 | 1 | 4 | |a The humane city : |b cities as if people matter / |c John R. Short |
| 260 | |a Oxford : |b Basil Blackwell, |c 1989 | ||
| 300 | |a 167 p. |b ill. | ||
| 504 | |a Bibliography: p.145-153. Includes index. | ||
| 650 | 0 | 0 | |a Cities and towns. |
| 852 | |a INST |b LESVOS |e 19950322 |h 307.78 SHO |p 005100002169 |q 005100002169 |t BK |y 0 | ||
| 909 | |a Λ |b 039816 | ||